000
00270nam a2200121 a 4500
008
101025s1986|||| d
245
1
0
_a
Kameň a váhy
100
1
_a
Lins, Osman
260
_b
Tatran
_a
Bratislava
_c
1986
020
_c
26
041
_a
slo
044
_a
xo
_c
SK
999
_c
12157
_d
12157